000 00425nam a2200181Ia 4500
005 20241220065209.0
008 240331s9999 xx 000 0 und d
020 _a13910590
082 _bFOB
_a828
100 _aForbes,D
245 0 _aSelected writings
260 _aColombo
_bCentre for Society & Religion
_c2002
300 _aiii, 124 p .,
650 _aHistory
650 _aNation
650 _aReligion
942 _cL
999 _c3413
_d3413